00530nam a2200169 i 4500001000300000100002600003245006500029260002100094040000800115041000800123080001700131942000700148008004100155999001700196856009800213952004900311bg1 aDEJNAROWICZ, Czesław 0aLiteratura naukowa. Uczeni. Wydawcy /cCzesław Dejnarowicz. aWarszawa,c1980. cBPK apol a655.4/.5:001 cKS s pl f |000 0 pol  c20367d20367 uhttp://koha.tu.koszalin.pl/cgi-bin/koha/opac-detail.pl?biblionumber=20367yKatalog online BPK 00104070aBPKbBPKcwo28721p02186801yKS